Antecedentes de un urbanismo actual : (Record no. 129158)
[ view plain ]
| 000 -LEADER | |
|---|---|
| campo de control de longitud fija | 00747nam a2200229 i 4500 |
| 001 - NÚMERO DE CONTROL | |
| campo de control | 129158 |
| 003 - IDENTIFICADOR DE NÚMERO DE CONTROL | |
| campo de control | ES-MaACL |
| 005 - FECHA Y HORA DE LA ÚLTIMA TRANSACCIÓN | |
| campo de control | 20230906193440.0 |
| 007 - CAMPO FIJO DE DESCRIPCIÓN FÍSICA--INFORMACIÓN GENERAL | |
| campo de control de longitud fija | t| |
| 008 - DATOS DE LONGITUD FIJA--INFORMACIÓN GENERAL | |
| campo de control de longitud fija | 070607s1968 sp ||||1| spa d |
| 080 ## - NÚMERO DE LA CLASIFICACIÓN DECIMAL UNIVERSAL | |
| Número de la Clasificación Decimal Universal | 711.416(464.1M.) |
| 100 1# - ENTRADA PRINCIPAL--NOMBRE DE PERSONA | |
| Nombre de persona | Terán, Fernando de. |
| 9 (RLIN) | 109723 |
| 245 10 - MENCIÓN DEL TÍTULO | |
| Título | Antecedentes de un urbanismo actual : |
| Resto del título | la Ciudad Lineal / |
| Mención de responsabilidad, etc. | Fernando de Terán. |
| 260 ## - PUBLICACIÓN, DISTRIBUCIÓN, ETC. | |
| Lugar de publicación, distribución, etc. | [Madrid : |
| Nombre del editor, distribuidor, etc. | Ciencia Nueva, |
| Fecha de publicación, distribución, etc. | 1968] |
| 300 ## - DESCRIPCIÓN FÍSICA | |
| Extensión | 81 p. ; |
| Dimensiones | 17 cm. |
| 490 1# - MENCIÓN DE SERIE | |
| Mención de serie | Cuadernos de Ciencia Nueva ; |
| Designación de volumen o secuencia | 7 |
| 650 ## - PUNTO DE ACCESO ADICIONAL DE MATERIA--TÉRMINO DE MATERIA | |
| Término de materia o nombre geográfico como elemento de entrada | Urbanismo- |
| Subdivisión geográfica | Ciudad Lineal (Madrid, Distrito) |
| 9 (RLIN) | 17698 |
| 651 ## - PUNTO DE ACCESO ADICIONAL DE MATERIA--NOMBRE GEOGRÁFICO | |
| Nombre geográfico | Ciudad Lineal (Madrid, Distrito) |
| 9 (RLIN) | 145210 |
| 830 1# - PUNTO DE ACCESO ADICIONAL DE SERIE-TÍTULO UNIFORME | |
| Título uniforme | Cuadernos de Ciencia Nueva ; |
| Designación de volumen o secuencia | 7 |
| 9 (RLIN) | 219326 |
| 852 4# - LOCALIZACIÓN | |
| Ubicación | ES-MaACL |
| Número de control de estantería | C-20294 |
| Estatus retirado | Estado de pérdida | Estado de daño | No para préstamo | Biblioteca de origen | Biblioteca actual | Ubicación en estantería | Fecha de adquisición | Fuente de adquisición | Total de préstamos | Signatura topográfica completa | Código de barras | Visto por última vez | Precio de reemplazo | Tipo de ítem Koha |
|---|---|---|---|---|---|---|---|---|---|---|---|---|---|---|
| Biblioteca del Ateneo de Madrid | Biblioteca del Ateneo de Madrid | Galería | 17/01/2008 | C-20294 | 1134501 | 23/02/2023 | 23/02/2023 | Libro impreso |
